| 000 | 03262cam a22006374i 4500 | ||
|---|---|---|---|
| 003 | PE-LiUPU | ||
| 005 | 20250731180148.0 | ||
| 008 | 150706s2008 r 000 0 d | ||
| 020 | _a9789972471780 | ||
| 035 | _a(Sirsi) i9789972471780 | ||
| 040 |
_aPE-LiUPU _bspa _cPE-LiUPU _erda |
||
| 049 | _aPRUA | ||
| 082 | 0 | 4 |
_a551.5 _bSI5 _221 |
| 245 | 0 | 1 |
_aSistemas de información y alerta temprana para enfrentar al cambio climático : _bpropuesta de adaptación tecnológica y respuesta al cambio climático en Piura, Apurímac y Cajamarca / _c[editor, Grégory Damman]. |
| 264 | 1 |
_aLima : _bSoluciones Prácticas-ITDG, _c2008. |
|
| 300 |
_a164 páginas : _bilustraciones (algunas col.) diagrs., mapas ; _c23 cm. |
||
| 336 |
_atext _2rdacontent |
||
| 337 |
_aunmediated _2rdamedia |
||
| 338 |
_avolume _2rdacarrier |
||
| 490 | 0 |
_aCambio climático y pobreza ; _v7 |
|
| 504 | _aIncluye bibliografía. | ||
| 505 | 0 | _aPlanteamiento del problema -- Objetivo -- Antecedentes -- Análisis de los sistemas de información y alerta temprana -- Metodología -- Ubicación geográfica -- Secuencia metodológica -- Estrategias -- Estrategias para evaluar los riesgos: enfoques y conceptos -- Resultados -- Estudios de caso: Piura, Cajamarca y Apurímac -- Propuesta metodológica para diseñar un sistema de información y alerta temprana para la adaptación al cambio microclimático. | |
| 526 | _aSEG44 | ||
| 526 | _aSEG26 | ||
| 526 | _aP159 | ||
| 526 | _aP155 | ||
| 526 | _aP154 | ||
| 526 | _aP153 | ||
| 526 | _aP150 | ||
| 526 | _aP100 | ||
| 526 | _aP31 | ||
| 526 | _aP30 | ||
| 526 | _aP26 | ||
| 526 | _aP25 | ||
| 526 | _aP24 | ||
| 526 | _aP22 | ||
| 526 | _aP15 | ||
| 526 | _aP10 | ||
| 541 | _g015-0014332; | ||
| 541 | _g015-0016196; | ||
| 541 | _g015-0016196; | ||
| 650 | 0 | 4 |
_aSistemas de información geográfica _zPerú. |
| 650 | 0 | 4 |
_aCambios climáticos _zPerú. |
| 700 | 1 | _aDamman, Grégory. | |
| 710 | 2 | _aGrupo de Tecnología Intermedia para el Desarrollo (Lima) | |
| 910 |
_agl _bjv _clch _d20121016 |
||
| 942 |
_2ddc _cBOOK |
||
| 949 |
_a551.5 SI5 _wDEWEY _c1 _i65547 _lCCODEBUL1 _mBUL _p13.00 _r0 _sY _tBOOK _u2015-7-6 _xINGENIERIA _PP24 _o.STAFF. Colección General |
||
| 949 |
_a551.5 SI5 _wDEWEY _c2 _i69255 _lCCODEBUL1 _mBUL _p12.00 _r0 _sY _tBOOK _u2015-7-6 _xINGENIERIA _PP24 _o.STAFF. Colección General |
||
| 949 |
_a551.5 SI5 _wDEWEY _c3 _i69256 _lCCODEBUL1 _mBUL _p12.00 _r0 _sY _tBOOK _u2015-7-6 _xINGENIERIA _PP24 _o.STAFF. Colección General |
||
| 994 |
_aC0 _bPEPRU |
||
| 596 | _a1 | ||
| 999 |
_a551.5 SI5 _wDEWEY _c54026 _i65547 _d54026 _e2015-9-17 _f2021-11-9 _g6 _lCCODEBUL1 _mBUL _n1 _p13.00 _r0 _sY _tBOOK _u2015-7-6 _xINGENIERIA _PP24 _0COMPRA _o.STAFF. Colección General |
||
| 999 |
_a551.5 SI5 _wDEWEY _c2 _i69255 _f2019-12-11 _g6 _lDISCARD _mBUL _p12.00 _r0 _sN _tBOOK _u2015-7-6 _xINGENIERIA _PP24 _0COMPRA _o.STAFF. Colección General |
||
| 999 |
_a551.5 SI5 _wDEWEY _c3 _i69256 _d2016-5-27 _e2016-5-26 _f2021-11-9 _g7 _lCCODEBUL1 _mBUL _n3 _p12.00 _r0 _sY _tBOOK _u2015-7-6 _xINGENIERIA _PP24 _0COMPRA _o.STAFF. Colección Ingenieria y Arquitectura |
||
| 980 |
_81 _gALBERTO SANCHEZ Responsable de Automatización |
||